000 00915cam a2200265 a 4500
005 20260322212021.0
008 data
010 _a 98051405
020 _a1570670714 (pbk. : alk. paper)
020 _a9781570670718 (pbk. : alk. paper)
040 _aDLC
_cDLC
_dDLC
050 0 0 _aTT853.5
_b.G584 1999
082 0 0 _a746.6/64
_221
092 _a746.6 G584 1999
100 1 _aGleser, Virginia,
_d1950-
245 1 0 _aTie-dye :
_bthe how-to book /
_cVirginia Gleser.
260 _aSummertown, Tenn :
_bBook Pub.,
_cc1999.
300 _a96 p. :
_bill. (some col.) ;
_c23 cm.
504 _aIncludes bibliographical references (p. 92).
650 0 _aTie-dyeing.
906 _a7
_bcbc
_corignew
_d1
_eocip
_f19
_gy-gencatlg
925 0 _aacquire
_b1 shelf copy
_xpolicy default
001 data
999 _c465
_d465